| Tag |
First Indicator |
Second Indicator |
Subfields |
| LEADER |
00000cam a2200000 a 4500 |
| 001 |
in00000074608 |
| 005 |
20151008053610.0 |
| 008 |
790717s1977 cau b s00010 engm |
| 010 |
|
|
|a 78621142
|
| 020 |
|
|
|c $6.00
|
| 035 |
|
|
|a (OCoLC)05265095
|
| 035 |
|
|
|9 AAH7971AM
|
| 040 |
|
|
|a DLC
|c DLC
|d m.c.
|d TXA
|d UtOrBLW
|
| 049 |
|
|
|a TXAM
|c [387053]
|
| 050 |
0 |
0 |
|a HD5109
|b .B63
|
| 082 |
0 |
|
|a 658.31/21
|
| 100 |
1 |
|
|a Bohlander, George W.
|
| 245 |
1 |
0 |
|a Flextime, a new face on the work clock /
|c by George W. Bohlander ; edited by Felicitas Hinman ; cover by Marna McCormick.
|
| 264 |
|
1 |
|a Los Angeles :
|b Institute of Industrial Relations, University of California, Los Angeles,
|c [1977?]
|
| 300 |
|
|
|a 138 pages ;
|c 23 cm.
|
| 336 |
|
|
|a text
|b txt
|2 rdacontent
|
| 337 |
|
|
|a unmediated
|b n
|2 rdamedia
|
| 338 |
|
|
|a volume
|b nc
|2 rdacarrier
|
| 490 |
1 |
|
|a Policy & practice publications series
|
| 504 |
|
|
|a Bibliography: pages 134-138.
|
| 650 |
|
0 |
|a Flextime.
|
| 710 |
2 |
|
|a University of California, Los Angeles.
|b Institute of Industrial Relations.
|
| 830 |
|
0 |
|a Policy & practice publication.
|
| 999 |
|
|
|a MARS
|
| 999 |
f |
f |
|s 431a814e-3fa0-30fa-908f-107390814c43
|i e6c3e67d-4adb-3c97-b689-04bcc0a1f748
|t 0
|
| 952 |
f |
f |
|p ric
|a Texas A&M University
|b Rellis Campus
|c Joint Library Facility
|d Remote Storage
|t 0
|e HD5109 .B63
|h Library of Congress classification
|i unmediated -- volume
|m A14806127792
|
| 998 |
f |
f |
|a HD5109 .B63
|t 0
|l Remote Storage
|